LEADER 01100nam1-2200361---450- 001 990000479230203316 035 $a0047923 035 $aUSA010047923 035 $a(ALEPH)000047923USA01 035 $a0047923 100 $a20010529d--------km-y0itay0103----ba 101 $aita 102 $aIT 105 $a||||||||001yy 200 1 $a<> società per azioni$fGino Cavalli, Marco Marulli, Cesare Silvetti 210 $aTorino$cUtet 215 $av.$d25 cm 225 2 $aGiurisprudenza sistematica di diritto civile e commerciale 410 $12001$aGiurisprudenza sistematica di diritto civile e commerciale 676 $a346.4506602648 700 1$aCAVALLI,$bGino$0460459 701 1$aMARULLI,$bMaurizio$0545472 701 1$aSILVETTI,$bCesare$0228462 801 0$aIT$bsalbc$gISBD 912 $a990000479230203316 951 $aCOLL. ZP 32 2$bG$cCOLL. ZP 959 $aBK 969 $aGIU 979 $aPATTY$b90$c20010529$lUSA01$h1429 979 $c20020403$lUSA01$h1656 979 $aPATRY$b90$c20040406$lUSA01$h1633 996 $aSocietà per azioni$9888680 997 $aUNISA LEADER 01012nam0-22002771i-450- 001 990001672590403321 005 20050525151045.0 035 $a000167259 035 $aFED01000167259 035 $a(Aleph)000167259FED01 035 $a000167259 100 $a20030910d1899----km-y0itay50------ba 101 0 $aita 200 1 $aRelazione supplementare a quella del 21 Gennaio 1899 della Commissione Censuaria provinciale sulle tariffe d'estimo per la provincia di Ancona$fMinistero delle Finanze 210 $aAncona$cStab. Tip. del Commercio$d1899 215 $a27 p.$d30 cm 610 0 $aImposte fondiarie 676 $a336.22 710 02$aItalia.$bMinistero delle finanze$0356818 801 0$aIT$bUNINA$gRICA$2UNIMARC 901 $aBK 912 $a990001672590403321 952 $a60 336.22 A 27$b4753$fFAGBC 959 $aFAGBC 996 $aRelazione supplementare a quella del 21 Gennaio 1899 della Commissione Censuaria provinciale sulle tariffe d'estimo per la provincia di Ancona$9370849 997 $aUNINA